| 000 | 00559nam a22002057a 4500 | ||
|---|---|---|---|
| 005 | 20240424103514.0 | ||
| 008 | 230918b |||||||| |||| 00| 0 eng d | ||
| 020 | _a9780340929162 | ||
| 082 |
_a617.510 _bWAT-S |
||
| 100 | _aWatkinson John C. | ||
| 245 | _aStell and Maran's textbook of head and neck surgery and oncology / | ||
| 250 | _a5th ed. | ||
| 260 |
_aUK: _bCRC press; _c2012. |
||
| 300 |
_axiv,543p. _bill; _c27cm. |
||
| 490 | _vvol 1. | ||
| 500 | _aIncludes Index . | ||
| 650 | _aMedical / Surgery | ||
| 700 | _aJohn c watkinson | ||
| 999 |
_c33603 _d33603 |
||